| 000 | 00884cam a22001935a 4500 | ||
|---|---|---|---|
| 001 | L159215 | ||
| 008 | 070404s2009 xxko f 000 0 eng d | ||
| 035 | _a(Sirsi) u159215 | ||
| 041 | 0 | _aeng | |
| 050 | 0 | 4 | _a333.00711 $2 18 |
| 110 | 2 |
_aRoyal Institution of Chartered Surveyors _bEducation Trust _947 |
|
| 245 | 0 | 0 |
_aAnnual review of the RICS educational trust 2009 _h[electronic resource] |
| 260 |
_aLondon _bRICS _c2009 |
||
| 520 | _aPresents summaries of the 21 research projects which received funding totalling £117 185 from the Trust in 2009. Also details publications published as a result of this research and lists the individual trustees. | ||
| 651 | 4 |
_aEngland and Wales _y1543- |
|
| 690 | _aCAREERS, EDUCATION AND TRAINING | ||
| 856 | 4 | 8 |
_uhttps://www.rics.org/Global/Downloads/746_RICS_Education_Trust.pdf _zView the item free of charge at www.rics.org... |
| 942 | _n0 | ||
| 999 |
_c115743 _d115743 |
||